01109nam a2200277 a 450000500170000000800410001702000080005804100080006609200170007410000350009124500520012625000110017826000490018930000150023850001200025365300190037365300350039265300290042765300320045665300420048865300550053070000370058594200120062299900150063495201820064920240830092139.0100805s1991||||sp a f |||| 001 0 spa d aS/N aspa c617l64sOTA1 aOtaolaurruchi, Juan Selva9930 aManual de suturas / cJuan Selva Otaolaurruchi a1a ed. aMurcia: bLaboratorios Lorca Marín;c1991. a89 p.bil. aOtaolaurrichi, J. S. y Sastre Lorca J. J. (1991). Manual de Suturas. (1a ed.). Murcia : Laboratorios Lorca Marín. aPresentación aCaracterísticas de los hilos aParámetros y controles aEsterilización y envasado aAspectos prácticos de utilización aDescripción de los hilos de sutura más usuales1 aSastre Lorca, José Julio94216 2ddccBK c3199d3199 00102ddc4070aBFMbBFMcCRd2024-08-27eDonación Horacio Verde, Agosto 2024l0o617 64 OTAp4904r2024-08-27tEj.1w0000-00-00yBKzDonación Horacio Verde, Agosto 2024f